000 00615nam a22001937a 4500
005 20250709150018.0
008 250709b |||||||| |||| 00| 0 eng d
020 _a978-1-285-09515-8
050 _aHD 70 .U5 P75 2018
100 _aPRIDE, WILLIAM M.
245 _aBUSINESS
250 _a12
260 _aAUSTRALIA
_bSOUTH-WESTERN CENGAGE LEARNING
_c2018
300 _aXXI,646P.:ILL
500 _aINCLUDES INDEX
650 _a 1. INDUSTRIAL MANAGEMENT--UNITED STATES 2. BUSINESS ENTERPRISES--UNITED STATES 3. BUSINESS 4. MANAGEMENT
700 _a1. HUGHES, ROBERT J. 2. KAPOOR, JACK R.
942 _2lcc
_cBK
999 _c215868
_d215868